[Event "Campeonato de España Universitario 2008"]
[Site "Madrid ESP"]
[Date "2008.05.09"]
[Round "4.60"]
[White "Colls Bosch, Emili"]
[Black "Gueler Verdasco, Martin"]
[Result "1-0"]
[WhiteElo "2030"]
[BlackElo "1887"]
[PlyCount "53"]
[EventDate "2008.05.08"]
[EventType "swiss"]
[EventRounds "9"]
[EventCountry "ESP"]
[Source "lmi"]
[SourceDate "2008.05.08"]

1. e4 c5 2. Nf3 Nc6 3. Bb5 g6 4. O-O Bg7 5. Bxc6 dxc6 6. d3 e5 7. Be3 b6 8.
Nbd2 Qc7 9. a4 Ne7 10. a5 Ba6 11. b3 O-O 12. Nc4 f6 13. Qd2 Nc8 14. Ne1 Nd6 15.
f4 f5 16. Nxd6 Qxd6 17. axb6 axb6 18. Nf3 fxe4 19. Nxe5 Bxe5 20. fxe5 Rxf1+ 21.
Rxf1 Qxe5 22. Qf2 exd3 23. Qf7+ Kh8 24. Bh6 Qd4+ 25. Kh1 Rg8 26. Qxg8+ Kxg8 27.
Rf8# 1-0

[Event "Campeonato de España Universitario 2008"]
[Site "Madrid ESP"]
[Date "2008.05.09"]
[Round "4.62"]
[White "Codina Tormo, Julia"]
[Black "Fernandez Herrero, Mario"]
[Result "1-0"]
[WhiteElo "2029"]
[BlackElo "1867"]
[PlyCount "59"]
[EventDate "2008.05.08"]
[EventType "swiss"]
[EventRounds "9"]
[EventCountry "ESP"]
[Source "lmi"]
[SourceDate "2008.05.08"]

1. e4 e6 2. d4 d5 3. Nc3 Bb4 4. a3 Bxc3+ 5. bxc3 dxe4 6. f3 exf3 7. Nxf3 Nf6 8.
Bd3 c5 9. O-O Nc6 10. Kh1 Bd7 11. Bg5 Qc7 12. Bh4 O-O-O 13. Rb1 Rdg8 14. Bg3
Qd8 15. Ng5 Be8 16. dxc5 h6 17. Nf3 g5 18. Qe2 Nd5 19. Ba6 Na5 20. Qe5 Nc7 21.
Rfd1 Qe7 22. Be2 f6 23. Qd4 e5 24. Qb4 h5 25. Qxa5 g4 26. Qxa7 Bc6 27. Nh4 Qf7
28. Nf5 Rd8 29. Nd6+ Rxd6 30. cxd6 1-0

[Event "Campeonato de España Universitario 2008"]
[Site "Madrid ESP"]
[Date "2008.05.09"]
[Round "4.63"]
[White "Romero Lopez, Marta"]
[Black "Moya Hernandez, Alvaro"]
[Result "1/2-1/2"]
[WhiteElo "2018"]
[BlackElo "1809"]
[PlyCount "61"]
[EventDate "2008.05.08"]
[EventType "swiss"]
[EventRounds "9"]
[EventCountry "ESP"]
[Source "lmi"]
[SourceDate "2008.05.08"]

1. d4 Nf6 2. Nf3 g6 3. Nc3 Bg7 4. e4 d6 5. Be3 c6 6. h3 Qc7 7. a4 e5 8. dxe5
dxe5 9. Bc4 O-O 10. Qe2 Nbd7 11. a5 Re8 12. Ng5 Rf8 13. O-O h6 14. Nf3 Re8 15.
Nh4 Nf8 16. Qd2 Rd8 17. Qc1 Kh7 18. f4 Ne6 19. Bxe6 Bxe6 20. f5 Bc4 21. fxg6+
fxg6 22. Rf3 Rf8 23. Bc5 Rg8 24. Rg3 Bf8 25. Qe3 Nd7 26. Bxf8 Nxf8 27. Qc5 Be6
28. Rf1 b6 29. axb6 axb6 30. Qe3 Nd7 31. Kh2 1/2-1/2

[Event "Campeonato de España Universitario 2008"]
[Site "Madrid ESP"]
[Date "2008.05.09"]
[Round "4.65"]
[White "Criado Lopez, Alberto"]
[Black "Campomanes Rodriguez, Javier"]
[Result "1-0"]
[WhiteElo "2014"]
[BlackElo "1710"]
[PlyCount "47"]
[EventDate "2008.05.08"]
[EventType "swiss"]
[EventRounds "9"]
[EventCountry "ESP"]
[Source "lmi"]
[SourceDate "2008.05.08"]

1. e4 d5 2. exd5 Qxd5 3. Nc3 Qd6 4. Nf3 Nf6 5. h3 a6 6. d4 Nc6 7. Bc4 Bf5 8.
O-O e6 9. Ne2 Nd5 10. c3 Be7 11. Ng3 Bg6 12. Re1 O-O 13. Bb3 Rad8 14. Qe2 Rfe8
15. Ne4 Bxe4 16. Qxe4 Nf6 17. Qe2 Na5 18. Bc2 b5 19. Ng5 h6 20. Ne4 Nxe4 21.
Qxe4 Bf6 22. Bf4 Qe7 23. Qh7+ Kf8 24. Qh8# 1-0

[Event "Campeonato de España Universitario 2008"]
[Site "Madrid ESP"]
[Date "2008.05.09"]
[Round "4.77"]
[White "Alcazar Jimenez, Jesus Alberto"]
[Black "Lara Granero, Bio"]
[Result "1/2-1/2"]
[WhiteElo "2247"]
[BlackElo "2033"]
[PlyCount "60"]
[EventDate "2008.05.08"]
[EventType "swiss"]
[EventRounds "9"]
[EventCountry "ESP"]
[Source "lmi"]
[SourceDate "2008.05.08"]

1. e4 c5 2. Nf3 Nc6 3. Bb5 g6 4. Bxc6 dxc6 5. d3 Bg7 6. Nc3 Nf6 7. h3 O-O 8.
Be3 Qa5 9. Qd2 Rd8 10. Bh6 c4 11. Bxg7 Kxg7 12. d4 b5 13. e5 Nd5 14. O-O b4 15.
Ne4 c3 16. bxc3 bxc3 17. Qg5 Bf5 18. Rfe1 h6 19. Qg3 Rab8 20. Nc5 Bxc2 21. Rac1
Bf5 22. e6 f6 23. Nh4 Kh7 24. Nxf5 gxf5 25. Qd3 Rg8 26. Qxf5+ Kh8 27. Nd7 Rbd8
28. Qh5 Kh7 29. Qf5+ Kh8 30. Qh5 Kh7 1/2-1/2

[Event "Campeonato de España Universitario 2008"]
[Site "Madrid ESP"]
[Date "2008.05.09"]
[Round "5.1"]
[White "Ibarra Jerez, Jose Carlos"]
[Black "Martinez Martin, David"]
[Result "1/2-1/2"]
[WhiteElo "2496"]
[BlackElo "2424"]
[PlyCount "27"]
[EventDate "2008.05.08"]
[EventType "swiss"]
[EventRounds "9"]
[EventCountry "ESP"]
[Source "lmi"]
[SourceDate "2008.05.08"]

1. e4 c5 2. Nf3 d6 3. d4 Nf6 4. dxc5 Nxe4 5. cxd6 Nc6 6. Na3 e5 7. Bb5 Bxd6 8.
O-O Bxa3 9. Qe2 Bf5 10. bxa3 O-O 11. Bb2 Re8 12. Nxe5 Rxe5 13. Bxc6 Re6 14.
Bxe4 1/2-1/2

[Event "Campeonato de España Universitario 2008"]
[Site "Madrid ESP"]
[Date "2008.05.09"]
[Round "5.3"]
[White "Llaneza Vega, Marcos"]
[Black "Alarcia Astiz, Carlos"]
[Result "1-0"]
[WhiteElo "2425"]
[BlackElo "2191"]
[PlyCount "67"]
[EventDate "2008.05.08"]
[EventType "swiss"]
[EventRounds "9"]
[EventCountry "ESP"]
[Source "lmi"]
[SourceDate "2008.05.08"]

1. e4 c6 2. d4 d5 3. Nc3 dxe4 4. Nxe4 Bf5 5. Ng3 Bg6 6. N1e2 e6 7. h4 h6 8. Nf4
Bh7 9. Bd3 Bxd3 10. Qxd3 Nf6 11. Bd2 Qc7 12. O-O-O Nbd7 13. Rhe1 O-O-O 14. Ngh5
Bd6 15. Qf3 Rhg8 16. Kb1 Kb8 17. Nd3 Ka8 18. Nxf6 Nxf6 19. Bxh6 gxh6 20. Qxf6
Rxg2 21. Qxh6 Bf8 22. Qe3 Rg4 23. h5 Rgxd4 24. Rh1 Bg7 25. h6 Bh8 26. Rdg1 c5
27. h7 c4 28. Nc1 R4d5 29. Rg8 c3 30. bxc3 a5 31. Rhg1 a4 32. Rxd8+ Rxd8 33.
Rg8 Qc8 34. Qg5 1-0

[Event "Campeonato de España Universitario 2008"]
[Site "Madrid ESP"]
[Date "2008.05.09"]
[Round "5.4"]
[White "Burguete Archel, Eduardo"]
[Black "Almagro Llamas, Pablo"]
[Result "0-1"]
[WhiteElo "2179"]
[BlackElo "2472"]
[PlyCount "56"]
[EventDate "2008.05.08"]
[EventType "swiss"]
[EventRounds "9"]
[EventCountry "ESP"]
[Source "lmi"]
[SourceDate "2008.05.08"]

1. e4 c6 2. d4 d5 3. exd5 cxd5 4. c4 Nf6 5. Nc3 Nc6 6. Nf3 Bg4 7. cxd5 Nxd5 8.
Qb3 Bxf3 9. gxf3 Nb6 10. d5 Nd4 11. Bb5+ Nd7 12. Qa4 Nxb5 13. Qxb5 g6 14. Qxb7
Bg7 15. O-O O-O 16. Bf4 Nc5 17. Qb5 Bxc3 18. Qxc5 Bxb2 19. Rab1 Bf6 20. Rfd1
Qd7 21. d6 Qa4 22. dxe7 Bxe7 23. Qxe7 Qxf4 24. Qe4 Qg5+ 25. Qg4 Qa5 26. Rb2
Rad8 27. Rd7 Rxd7 28. Qxd7 Qg5+ 0-1

[Event "Campeonato de España Universitario 2008"]
[Site "Madrid ESP"]
[Date "2008.05.09"]
[Round "5.5"]
[White "Rodriguez Guerrero, Enrique"]
[Black "Camacho Collados, Jose"]
[Result "1/2-1/2"]
[WhiteElo "2457"]
[BlackElo "2258"]
[PlyCount "82"]
[EventDate "2008.05.08"]
[EventType "swiss"]
[EventRounds "9"]
[EventCountry "ESP"]
[Source "lmi"]
[SourceDate "2008.05.08"]

1. e4 c6 2. d4 d5 3. Nc3 dxe4 4. Nxe4 Bf5 5. Ng3 Bg6 6. h4 h6 7. Nf3 Nd7 8. h5
Bh7 9. Bd3 Bxd3 10. Qxd3 e6 11. Bf4 Qa5+ 12. Bd2 Qc7 13. Ne4 Ngf6 14. O-O-O
O-O-O 15. g3 Nxe4 16. Qxe4 Bd6 17. c4 c5 18. Bc3 Nf6 19. Qe2 cxd4 20. Nxd4 a6
21. Nf3 Qc5 22. Rh4 Bc7 23. Bd4 Qa5 24. a3 Rd7 25. Bc3 Rxd1+ 26. Qxd1 Qc5 27.
Qe2 Rd8 28. Ne5 Bxe5 29. Bxe5 Rd5 30. f4 Qg1+ 31. Kc2 Rd7 32. Rh3 a5 33. a4 Ne4
34. Qxe4 Qd1+ 35. Kc3 Qd2+ 36. Kb3 Qb4+ 37. Kc2 Qd2+ 38. Kb3 Rd3+ 39. Bc3 Qd1+
40. Ka3 Qa1+ 41. Kb3 Qd1+ 1/2-1/2

[Event "Campeonato de España Universitario 2008"]
[Site "Madrid ESP"]
[Date "2008.05.09"]
[Round "5.7"]
[White "Sanchez Saez, Francisco"]
[Black "Perez Candelario, Manuel"]
[Result "0-1"]
[WhiteElo "2219"]
[BlackElo "2537"]
[PlyCount "90"]
[EventDate "2008.05.08"]
[EventType "swiss"]
[EventRounds "9"]
[EventCountry "ESP"]
[Source "lmi"]
[SourceDate "2008.05.08"]

1. e4 e5 2. Nf3 Nc6 3. d4 exd4 4. Nxd4 Nf6 5. Nc3 Bb4 6. Nxc6 bxc6 7. Bd3 d5 8.
exd5 O-O 9. O-O cxd5 10. Bg5 c6 11. Qf3 h6 12. Bh4 Re8 13. Bf5 Bxf5 14. Qxf5
Qd7 15. Qd3 Ne4 16. Ne2 Qg4 17. Bg3 Nc5 18. Qd4 Re4 19. f3 Rxd4 20. fxg4 Rd2
21. a3 Ba5 22. Nf4 Bb6 23. Bf2 Rxc2 24. Rac1 Rxf2 25. Kxf2 Nd3+ 26. Kf3 Nxc1
27. Rxc1 Re8 28. g3 g5 29. Nh5 Re6 30. h4 Kh7 31. b4 Kg6 32. a4 a6 33. b5 axb5
34. axb5 c5 35. Ra1 c4 36. Ra8 Bd4 37. Rg8+ Kh7 38. Rf8 Re7 39. Rc8 c3 40. b6
Rb7 41. Rc7 Rxb6 42. Rxf7+ Kg8 43. Rc7 Rb2 44. Rc8+ Kf7 45. Rc7+ Kf8 0-1

[Event "Campeonato de España Universitario 2008"]
[Site "Madrid ESP"]
[Date "2008.05.09"]
[Round "5.8"]
[White "Gonzalez Somoza, Oliver"]
[Black "Gimeno Higueras, Roberto"]
[Result "1-0"]
[WhiteElo "2333"]
[BlackElo "2219"]
[PlyCount "67"]
[EventDate "2008.05.08"]
[EventType "swiss"]
[EventRounds "9"]
[EventCountry "ESP"]
[Source "lmi"]
[SourceDate "2008.05.08"]

1. d4 d5 2. c4 dxc4 3. Nc3 e5 4. d5 f5 5. e4 Nf6 6. Bxc4 f4 7. Nf3 Bd6 8. Bxf4
exf4 9. e5 O-O 10. O-O Bg4 11. exd6 cxd6 12. Be2 Bxf3 13. Bxf3 Nfd7 14. Ne2 Ne5
15. Nd4 Qb6 16. Ne6 Rf6 17. Be4 Nbd7 18. Qh5 h6 19. Rac1 Nf8 20. Rc3 Qb4 21.
Bb1 b6 22. Rc7 Nxe6 23. dxe6 Qxb2 24. Be4 Rb8 25. e7 Nf7 26. Bd5 Qe5 27. Qxe5
dxe5 28. Rfc1 Kh7 29. Rc8 Rxc8 30. Rxc8 Nd6 31. Rd8 a5 32. h4 a4 33. Rxd6 Rxd6
34. Be4+ 1-0

[Event "Campeonato de España Universitario 2008"]
[Site "Madrid ESP"]
[Date "2008.05.09"]
[Round "5.9"]
[White "Garrido Dominguez, Jesus"]
[Black "Martin Alvarez, Iñigo"]
[Result "0-1"]
[WhiteElo "2324"]
[BlackElo "2214"]
[PlyCount "92"]
[EventDate "2008.05.08"]
[EventType "swiss"]
[EventRounds "9"]
[EventCountry "ESP"]
[Source "lmi"]
[SourceDate "2008.05.08"]

1. e4 c5 2. Nf3 e6 3. d4 cxd4 4. Nxd4 a6 5. Nc3 Qc7 6. Bd3 Nf6 7. O-O d6 8. Be3
Nbd7 9. f4 b5 10. a3 Bb7 11. Nb3 Be7 12. Qe2 O-O 13. Rae1 Nc5 14. Bd2 d5 15.
Nxc5 Bxc5+ 16. Kh1 dxe4 17. Nxe4 Nxe4 18. Bxe4 Rad8 19. Bc3 Bxe4 20. Qxe4 Rd5
21. f5 Rxf5 22. Rxf5 exf5 23. Qxf5 Rd8 24. Rf1 Bf8 25. Qe4 Qd7 26. Qf3 Qd5 27.
Re1 Qxf3 28. gxf3 Rc8 29. Re5 g6 30. Rd5 Bxa3 31. Be5 Bf8 32. c3 Rc5 33. Rxc5
Bxc5 34. Bc7 f6 35. Kg2 Kf7 36. b4 Be7 37. f4 Ke6 38. Kf3 f5 39. Ke3 Kd5 40.
Kd3 h6 41. Bb6 g5 42. Be3 g4 43. Bf2 h5 44. Be3 h4 45. Bf2 Bd8 46. Be1 g3 0-1

[Event "Campeonato de España Universitario 2008"]
[Site "Madrid ESP"]
[Date "2008.05.09"]
[Round "5.10"]
[White "Aymerich Rosell, Pablo"]
[Black "Pena Gomez, Manuel"]
[Result "1/2-1/2"]
[WhiteElo "2210"]
[BlackElo "2312"]
[PlyCount "61"]
[EventDate "2008.05.08"]
[EventType "swiss"]
[EventRounds "9"]
[EventCountry "ESP"]
[Source "lmi"]
[SourceDate "2008.05.08"]

1. d4 Nf6 2. c4 g6 3. Nc3 c5 4. d5 d6 5. e4 e6 6. f4 exd5 7. cxd5 Bg7 8. Bb5+
Nfd7 9. a4 O-O 10. Nf3 Na6 11. O-O Nc7 12. Bd3 Nf6 13. Kh1 a6 14. Qe1 Rb8 15.
a5 Bd7 16. Qh4 Bb5 17. Nxb5 axb5 18. f5 Nd7 19. Qh3 Ne5 20. Nxe5 Bxe5 21. Bh6
c4 22. Bb1 Qe7 23. Ra3 Bxb2 24. Raf3 Bf6 25. fxg6 fxg6 26. Bxf8 Rxf8 27. Qg3
Bg7 28. Rxf8+ Bxf8 29. Qf2 Ne8 30. Qb6 Qd7 31. Bc2 1/2-1/2

[Event "Campeonato de España Universitario 2008"]
[Site "Madrid ESP"]
[Date "2008.05.09"]
[Round "5.11"]
[White "Eyo Castro-rial, Alberto"]
[Black "Gavilan Diaz, Mario"]
[Result "1-0"]
[WhiteElo "2189"]
[BlackElo "2300"]
[PlyCount "99"]
[EventDate "2008.05.08"]
[EventType "swiss"]
[EventRounds "9"]
[EventCountry "ESP"]
[Source "lmi"]
[SourceDate "2008.05.08"]

1. e4 c5 2. Nc3 a6 3. Nf3 d6 4. d4 cxd4 5. Nxd4 Nf6 6. Be3 e5 7. Nb3 Be6 8. f3
Nbd7 9. Qd2 Be7 10. g4 Nb6 11. g5 Nfd7 12. h4 O-O 13. O-O-O f5 14. gxf6 Nxf6
15. Kb1 Nh5 16. Bh3 Bf7 17. Na5 Qc7 18. Rhg1 Nc4 19. Nxc4 Bxc4 20. Nd5 Bxd5 21.
Qxd5+ Kh8 22. Bf5 Qc6 23. Qe6 Qe8 24. Rg2 Rf6 25. Qb3 g6 26. Bg4 Qb5 27. Qxb5
axb5 28. Bg5 Nf4 29. Bxf6+ Bxf6 30. Rgd2 Be7 31. a3 Rd8 32. h5 gxh5 33. Bf5 h4
34. Rg1 h6 35. b3 Bg5 36. Rgd1 Be7 37. c4 bxc4 38. bxc4 Ra8 39. Rb2 Ra7 40. c5
dxc5 41. Rd7 Bf6 42. Rf7 Bg7 43. Rc7 Kg8 44. Rd2 Bf6 45. Rc8+ Kf7 46. Rd7+ Be7
47. Rcc7 h3 48. Rxe7+ Kf8 49. Rf7+ Ke8 50. Rh7 1-0

[Event "Campeonato de España Universitario 2008"]
[Site "Madrid ESP"]
[Date "2008.05.09"]
[Round "5.12"]
[White "Lopez Del Alamo, Antonio"]
[Black "Jimenez Lopez, Antonio"]
[Result "1/2-1/2"]
[WhiteElo "2299"]
[BlackElo "2146"]
[PlyCount "84"]
[EventDate "2008.05.08"]
[EventType "swiss"]
[EventRounds "9"]
[EventCountry "ESP"]
[Source "lmi"]
[SourceDate "2008.05.08"]

1. e4 c5 2. Nf3 e6 3. d3 Nc6 4. g3 g6 5. d4 cxd4 6. Nxd4 Bg7 7. Nb5 Nf6 8. Nd6+
Ke7 9. Bg2 Ne8 10. Nxe8 Rxe8 11. Nc3 Kf8 12. O-O a6 13. Bf4 Kg8 14. Bd6 Be5 15.
Bxe5 Nxe5 16. Qe2 b5 17. f4 Qb6+ 18. Kh1 Nc4 19. Nd1 Bb7 20. b3 Nd6 21. Nf2 f5
22. Rad1 Rac8 23. Rd2 Rc3 24. Nd1 Rc7 25. Nf2 Rc3 26. exf5 Bxg2+ 27. Kxg2 exf5
28. Qd1 Qc6+ 29. Kg1 Ne4 30. Nxe4 Rxe4 31. Rxd7 Rxc2 32. Qd5+ Qxd5 33. Rxd5
Ree2 34. Rfd1 Rg2+ 35. Kh1 Rxh2+ 36. Kg1 Rcg2+ 37. Kf1 Rxa2 38. Kg1 Rag2+ 39.
Kf1 Rxg3 40. Rd8+ Kf7 41. R1d7+ Ke6 42. Rd6+ Ke7 1/2-1/2

[Event "Campeonato de España Universitario 2008"]
[Site "Madrid ESP"]
[Date "2008.05.09"]
[Round "5.13"]
[White "Muñoz Navarro, Alberto"]
[Black "Montero Melendez, Rafael"]
[Result "0-1"]
[WhiteElo "2178"]
[BlackElo "2295"]
[PlyCount "76"]
[EventDate "2008.05.08"]
[EventType "swiss"]
[EventRounds "9"]
[EventCountry "ESP"]
[Source "lmi"]
[SourceDate "2008.05.08"]

1. d4 Nf6 2. c4 e6 3. Nf3 c5 4. e3 b6 5. Bd3 Bb7 6. Nbd2 Nc6 7. O-O Be7 8. b3
cxd4 9. exd4 d5 10. Bb2 O-O 11. Rc1 Rc8 12. Qe2 Ba6 13. Ne5 dxc4 14. Bxc4 Bxc4
15. Rxc4 Na5 16. Rxc8 Qxc8 17. Rc1 Qd8 18. Ndc4 Nxc4 19. bxc4 Bd6 20. h3 Qe7
21. Nd3 Rc8 22. Qf3 h6 23. c5 Bb8 24. cxb6 Rxc1+ 25. Bxc1 axb6 26. Qa8 Qa7 27.
Qxa7 Bxa7 28. Bf4 b5 29. Nc5 Nd5 30. Bd2 e5 31. Be3 Nxe3 32. fxe3 Bxc5 33. dxc5
Kf8 34. Kf2 Ke7 35. Kf3 Ke6 36. c6 f5 37. g4 g6 38. h4 h5 0-1

[Event "Campeonato de España Universitario 2008"]
[Site "Madrid ESP"]
[Date "2008.05.09"]
[Round "5.14"]
[White "Massanet Massanet, Sebastian"]
[Black "Hidalgo Duque, Carlos"]
[Result "1-0"]
[WhiteElo "2278"]
[BlackElo "2134"]
[PlyCount "55"]
[EventDate "2008.05.08"]
[EventType "swiss"]
[EventRounds "9"]
[EventCountry "ESP"]
[Source "lmi"]
[SourceDate "2008.05.08"]

1. e4 c5 2. Nf3 d6 3. d4 cxd4 4. Nxd4 Nf6 5. Nc3 a6 6. Bg5 e6 7. f4 Be7 8. Qf3
Qc7 9. O-O-O Nbd7 10. g4 b5 11. Bxf6 Nxf6 12. g5 Nd7 13. f5 Nc5 14. f6 gxf6 15.
gxf6 Bf8 16. Rg1 h5 17. Re1 Nd7 18. Nxe6 fxe6 19. f7+ Ke7 20. Rg6 Qa7 21. Rxe6+
Kxe6 22. Qf5+ Ke7 23. Nd5+ Kd8 24. Qg5+ Nf6 25. Qxf6+ Kd7 26. Qxh8 Bb7 27. Bh3+
Kc6 28. b4 1-0

[Event "Campeonato de España Universitario 2008"]
[Site "Madrid ESP"]
[Date "2008.05.09"]
[Round "5.15"]
[White "Serrano Bozada, Esteban"]
[Black "Almeida Toledano, Daniel"]
[Result "1-0"]
[WhiteElo "2188"]
[BlackElo "2278"]
[PlyCount "95"]
[EventDate "2008.05.08"]
[EventType "swiss"]
[EventRounds "9"]
[EventCountry "ESP"]
[Source "lmi"]
[SourceDate "2008.05.08"]

1. e4 e6 2. d4 d5 3. Nd2 Be7 4. e5 c5 5. Qg4 Kf8 6. dxc5 Nc6 7. Ngf3 Nh6 8. Qf4
f5 9. exf6 Bxf6 10. Nb3 e5 11. Qa4 Nf5 12. c3 Bd7 13. Bb5 a6 14. Bxc6 Bxc6 15.
Qg4 Bd7 16. Qb4 Bc6 17. Na5 Qd7 18. Nxc6 Qxc6 19. Qg4 Ne7 20. Be3 h5 21. Qh3
Qb5 22. O-O-O Qa4 23. Kb1 Qg4 24. Qg3 Nf5 25. Qxg4 hxg4 26. Nd2 Rd8 27. Nb3 Kf7
28. Na5 Rd7 29. g3 Ke6 30. Kc2 g6 31. b4 Rdh7 32. Kb3 Bd8 33. Ka4 Bf6 34. a3
Rd8 35. Bc1 Rhd7 36. h3 gxh3 37. g4 Ne7 38. Rxh3 d4 39. cxd4 exd4 40. Rhd3 Nd5
41. Re1+ Kf7 42. Nc4 b5+ 43. cxb6 Rc8 44. Kb3 Rc6 45. b7 Rxb7 46. Na5 Rbc7 47.
Nxc6 Rxc6 48. g5 1-0

[Event "Campeonato de España Universitario 2008"]
[Site "Madrid ESP"]
[Date "2008.05.09"]
[Round "5.16"]
[White "Vallejo Diaz, Jesus"]
[Black "Tierraseca Montero, Pablo"]
[Result "1-0"]
[WhiteElo "2269"]
[BlackElo "2111"]
[PlyCount "135"]
[EventDate "2008.05.08"]
[EventType "swiss"]
[EventRounds "9"]
[EventCountry "ESP"]
[Source "lmi"]
[SourceDate "2008.05.08"]

1. e4 c5 2. Nf3 d6 3. c3 Nf6 4. h3 g6 5. Bd3 Bg7 6. O-O O-O 7. Bc2 Nc6 8. d4 e5
9. dxc5 dxc5 10. Qe2 Qc7 11. Nbd2 h6 12. Nc4 Be6 13. a4 b6 14. Kh2 a6 15. Rd1
Rad8 16. Rxd8 Rxd8 17. Ne3 Qb7 18. Bd3 Ra8 19. Nc4 Qc7 20. Be3 Nd7 21. Nfd2 f5
22. f3 Nd8 23. Na3 Qb7 24. Rd1 Nf6 25. Bf2 f4 26. Bc4 Kh7 27. Bxe6 Nxe6 28.
Ndc4 Ne8 29. Nd6 Qc6 30. Nxe8 Qxe8 31. Rd6 Nc7 32. Rxb6 Qxa4 33. Bxc5 Rd8 34.
Rd6 Rb8 35. Qc4 Qe8 36. b4 Nb5 37. Nxb5 axb5 38. Qe6 Qxe6 39. Rxe6 Rc8 40. Rb6
Rd8 41. Rxb5 Rd3 42. Rb7 Kg8 43. Kg1 Rxc3 44. Kf2 Rc2+ 45. Kf1 Bf6 46. Ke1 Bh4+
47. Kd1 Rxg2 48. b5 Bf2 49. Bd6 Bd4 50. b6 Rb2 51. Rb8+ Kf7 52. b7 Ke6 53. Re8+
Kxd6 54. b8=Q+ Rxb8 55. Rxb8 Ke6 56. Ke2 Kf6 57. Kd3 Kg5 58. Rg8 Kh5 59. Rg7 g5
60. Rh7 Kg6 61. Rc7 Kh5 62. Rc6 Kh4 63. Rxh6+ Kg3 64. Rh5 Kxf3 65. Rxg5 Kf2 66.
h4 f3 67. Rf5 Be3 68. Rxe5 1-0

[Event "Campeonato de España Universitario 2008"]
[Site "Madrid ESP"]
[Date "2008.05.09"]
[Round "5.17"]
[White "Pazos Porta, Antonio"]
[Black "Cruz Alvarez De Ron, Dan"]
[Result "0-1"]
[WhiteElo "2176"]
[BlackElo "2269"]
[PlyCount "74"]
[EventDate "2008.05.08"]
[EventType "swiss"]
[EventRounds "9"]
[EventCountry "ESP"]
[Source "lmi"]
[SourceDate "2008.05.08"]

1. e4 g6 2. d4 Bg7 3. Nc3 d6 4. h3 a6 5. a4 b6 6. g4 Bb7 7. Bg2 Nd7 8. Nge2 e5
9. d5 Ne7 10. Ng3 O-O 11. O-O f5 12. exf5 gxf5 13. gxf5 Nxf5 14. Nxf5 Rxf5 15.
Be4 Rf8 16. Be3 Bc8 17. Kh2 Nf6 18. Bg5 Qd7 19. Qd3 Nxe4 20. Nxe4 h6 21. Bd2
Qf7 22. Rg1 Kh8 23. Rg3 Bf5 24. Rag1 Rg8 25. R1g2 Raf8 26. c4 Bh7 27. f3 Qh5
28. Qe3 Rf4 29. Qg1 Rxf3 30. Nf6 Rxf6 31. Rxg7 Rxg7 32. Rxg7 Qe2+ 33. Rg2 Qxc4
34. Qd1 Qh4 35. Qe2 Be4 36. Rg3 Bxd5 37. Be1 Qe4 0-1

[Event "Campeonato de España Universitario 2008"]
[Site "Madrid ESP"]
[Date "2008.05.09"]
[Round "5.18"]
[White "Serna Lara, Sergio"]
[Black "Cabrero De Cabo, Miguel"]
[Result "1/2-1/2"]
[WhiteElo "2248"]
[BlackElo "2102"]
[PlyCount "64"]
[EventDate "2008.05.08"]
[EventType "swiss"]
[EventRounds "9"]
[EventCountry "ESP"]
[Source "lmi"]
[SourceDate "2008.05.08"]

1. d4 f5 2. Nc3 g6 3. e4 fxe4 4. Nxe4 d5 5. Ng3 Bg7 6. h4 Nc6 7. c3 e5 8. dxe5
Nxe5 9. h5 Qe7 10. Be2 Be6 11. Be3 Nh6 12. hxg6 hxg6 13. Qc2 Nf5 14. Rxh8+ Bxh8
15. Nxf5 Bxf5 16. Qa4+ c6 17. O-O-O Kf7 18. Nh3 Bf6 19. g4 Bd7 20. Qf4 Kg8 21.
Qg3 Bh4 22. Qg1 Rf8 23. Kb1 Nf3 24. Qg2 Qe4+ 25. Ka1 Qxg4 26. Qxg4 Bxg4 27. Nf4
Bxf2 28. Nxg6 Re8 29. Bxf2 Rxe2 30. Bxa7 Bf5 31. Nf4 Re1 32. Rxe1 Nxe1 1/2-1/2

[Event "Campeonato de España Universitario 2008"]
[Site "Madrid ESP"]
[Date "2008.05.09"]
[Round "5.19"]
[White "Rivas Vila, David"]
[Black "Plasencia Martinez, Victor"]
[Result "1/2-1/2"]
[WhiteElo "2242"]
[BlackElo "2088"]
[PlyCount "120"]
[EventDate "2008.05.08"]
[EventType "swiss"]
[EventRounds "9"]
[EventCountry "ESP"]
[Source "lmi"]
[SourceDate "2008.05.08"]

1. g3 g6 2. Bg2 Bg7 3. f4 d6 4. Nf3 c5 5. O-O Nf6 6. d3 O-O 7. Qe1 Nc6 8. c3
Rb8 9. h3 Qc7 10. g4 e6 11. e4 b6 12. Nh4 Ba6 13. Qg3 d5 14. e5 Nd7 15. Rd1
Rfd8 16. Be3 b5 17. Nd2 c4 18. b4 Ndxe5 19. d4 Nd3 20. Qf3 f5 21. Bf1 Nb2 22.
Re1 Bc8 23. Bf2 Na4 24. Rac1 a5 25. a3 axb4 26. axb4 Ra8 27. Rc2 Qd6 28. Rb1
Nb6 29. Ng2 Ra3 30. Qe2 Na4 31. Rbc1 Nxc3 32. Rxc3 Rxc3 33. Rxc3 Nxd4 34. Qe1
Ne2+ 35. Qxe2 Bxc3 36. Bc5 Qc7 37. Qf2 d4 38. Nf3 d3 39. Bb6 Qd6 40. Bc5 Qc6
41. Ne3 Bb7 42. Bg2 Qd7 43. Kh1 Ra8 44. Ne5 Bxe5 45. fxe5 Ra1+ 46. Kh2 Bxg2 47.
Qxg2 d2 48. Bd6 Kf7 49. gxf5 d1=Q 50. fxg6+ hxg6 51. Nxd1 Kg7 52. Qd2 Qa7 53.
Bc5 Ra2 54. Nb2 Qf7 55. Bd4 Qf3 56. Bc3 Ra3 57. Nd1 Qd3 58. Qe1 Ra2+ 59. Nf2
Qf3 60. Kg1 Qg3+ 1/2-1/2

[Event "Campeonato de España Universitario 2008"]
[Site "Madrid ESP"]
[Date "2008.05.09"]
[Round "5.20"]
[White "Gonzalez Merino, Alberto"]
[Black "Claros Egea, Christian"]
[Result "1-0"]
[WhiteElo "2174"]
[BlackElo "2240"]
[PlyCount "63"]
[EventDate "2008.05.08"]
[EventType "swiss"]
[EventRounds "9"]
[EventCountry "ESP"]
[Source "lmi"]
[SourceDate "2008.05.08"]

1. d4 d5 2. c4 e6 3. Nc3 Nf6 4. Bg5 c6 5. Nf3 dxc4 6. e4 b5 7. e5 h6 8. Bh4 g5
9. Nxg5 hxg5 10. Bxg5 Nbd7 11. exf6 Bb7 12. g3 Qc7 13. Bg2 c5 14. O-O Bxg2 15.
Kxg2 Qb7+ 16. f3 O-O-O 17. dxc5 Nxc5 18. Qe2 Nd3 19. Ne4 Rd5 20. h4 Qc6 21.
Rfd1 Bb4 22. a4 a5 23. axb5 Qxb5 24. Qc2 Kb7 25. Nc3 Bxc3 26. bxc3 Kc7 27. Rab1
Qc5 28. Qe2 Re5 29. Qf1 Kd6 30. Rxd3+ cxd3 31. Qxd3+ Rd5 32. Qa6+ 1-0